Responses for Show #4683 - Wednesday, January 5, 2005

Kerry Breitenbach game 4.

Contestants

[<< previous game]

Val Nieman, a college professor and writer from Greensboro, North Carolina

Harry Hall, a systems manager from Cleveland, Ohio

Kerry Breitenbach, a marketing analyst from South Euclid, Ohio (whose 3-day cash winnings total $55,600)

[next game >>]

Jeopardy! Round responses

STATE CAPITALS
I'LL BE YOUR WAITER
THEY PASSED
REIGN CHECK
AMERICANA
"ROLL" CALL
    $200 1
(Val: What is Bismarck?)

Lincoln

KerryVal
    $200 19
soup

Val
    $200 24
Kate Winslet

Harry
    $200 14
Cleopatra

Kerry
    $200 11
Dollywood

Harry
    $200 6
a rolling pin

Kerry
    $400 2
Albany

Val
    $400 20
pepper

Kerry
    $400 25
Charlie's Angels

Harry
    $400 15
(Harry: What is Norway?)

Sweden

HarryVal
    $400 12
Pat Garrett

Val
    $400 7
a roll bar

Harry
    $600 3
Annapolis

Val
    $600 21
(Val: What is wine?)

Burgundy

HarryVal
    $2,000 26
Henry Winkler

Harry
    $600 16
(Val: Who was Beatrix?)

Queen Wilhelmina

Val
Triple Stumper
    $600 13
Porgy & Bess

Kerry
    $600 8
a roller coaster

Triple Stumper
    $800 4
Little Rock

Harry
    $800 22
family style

Kerry
    $800 27
Chevy Chase

Harry
    $800 17
William & Mary

Kerry
    $800 29
Napoleon (I)

Triple Stumper
    $800 9
a rollback

Val
    $1000 5
Sacramento

Harry
    $1000 23
marbling

Kerry
    $1000 28
Burt Reynolds

Val
    $1000 18
Morocco

Kerry
    $1000 30
star

Harry
    $1000 10
rollout

Val

Scores at the first commercial break (after clue 16):

Kerry Harry Val
$1,200 $2,000 $2,800

Scores at the end of the Jeopardy! Round:

Kerry Harry Val
$5,200 $7,000 $3,400

Double Jeopardy! Round responses

WELCOME TO STRATFORD
A BEFORE E
THEY FOUND MORE THAN ONE ELEMENT
LEGEND SAYS...
JOE MAMA
ROLE CALL
    $400 21
mayor

Harry
    $400 14
Michael

Kerry
    $400 23
Potassium

Val
    $400 1
William Tell

Val
    $400 5
Rose Kennedy

Harry
    $400 6
Clint Eastwood

Val
    $800 22
(Val: What is the phoenix?)

the swan

Val
Triple Stumper
    $800 15
archaeology

Val
    $800 24
Krypton

Val
    $800 2
Pele

Kerry
    $800 8
Joseph Stalin

Kerry
    $800 7
John Travolta

Kerry
    $1200 28
Anne Hathaway

Kerry
    $1200 17
algae

Val
    $1200 25
Silicon

Val
    $1200 3
Babe the Blue Ox

Val
    $1200 9
Rachel

Kerry
    $1200 11
(Alex: Somebody up there likes me, but not on this clue.)

Paul Newman

Triple Stumper
    $1,000 29
(Alex: You pronounced the second "W". Bad girl!)

Warwickshire

Kerry
    $1600 18
Daedalus

Kerry
    $1600 26
chlorine and fluorine

Kerry
    $1600 4
Sir Francis Drake

Kerry
    $1600 10
Joseph Lieberman

Harry
    $1600 12
Susan Sarandon

Harry
    $2000 30
(Kerry: What is Tudor? Half-Tudor?)
...
(Alex: Yes. Half-[*]ed. It's the Tudor style but it is half-[*]ed, referring to the wood.)

timber

KerryVal
    $2000 19
Aegis

Harry
    $1,000 27
zirconium

Kerry
    $2000 16
Pope Joan (or Pope John VII)

Triple Stumper
    $2000 20
Joseph Heller

Val
    $2000 13
(Val: Who is Tom Hanks?)
...
(Alex: Yes. He played Forrest Gump's son.)

Haley Joel Osment

KerryVal

Scores at the end of the Double Jeopardy! Round:

Kerry Harry Val
$17,200 $13,000 $11,000

[wagering suggestions for these scores]

Final Jeopardy! Round responses

1920s NOSTALGIA
(Alex: They were admiring that diamond bracelet, and the guy says, "Honey, I can't give you nothing but love.")
ValWhat is Tiffany's?
$1,000
HarryWhat is Woolworth's?
$7,000
KerryWhat is Tiffany's?
$8,900
Tiffany's

Final scores:

Kerry Harry Val
$26,100 $6,000 $12,000
4-day champion: $81,700 3rd place: $1,000 2nd place: $2,000

Game dynamics:

Coryat scores:

Kerry Harry Val
$18,800 $11,600 $11,000
21 R
(including 2 DDs),
1 W
15 R
(including 1 DD),
1 W
18 R,
5 W

Combined Coryat: $41,400

[game clues] [game scores] [suggest correction]

Game tape date: 2004-11-03
The J! Archive is created by fans, for fans. Scraping, republication, monetization, and malicious use prohibited; this site may use cookies and collect identifying information. See terms. The Jeopardy! game show and all elements thereof, including but not limited to copyright and trademark thereto, are the property of Jeopardy Productions, Inc. and are protected under law. This website is not affiliated with, sponsored by, or operated by Jeopardy Productions, Inc. Join the discussion at JBoard.tv.